| 000 | 00419nam a22001577a 4500 | ||
|---|---|---|---|
| 999 |
_c2511 _d2511 |
||
| 005 | 20181015204816.0 | ||
| 008 | 181015b ||||| |||| 00| 0 eng d | ||
| 040 | _cDLC | ||
| 082 |
_a242 _bT433R |
||
| 100 | _aThieme, R. B. | ||
| 245 |
_aRebound And Keep Moving _cR. B. Thieme |
||
| 260 |
_a1973 _bBerachah Tapes and Publications _cTexas |
||
| 300 | _aiv, 37p,; | ||
| 650 |
_adoctrines _xchristian life |
||
| 942 |
_2ddc _cBK |
||